| 000 | 00804nam a2200229Ii 4500 | ||
|---|---|---|---|
| 003 | JO-AjNU | ||
| 008 | 230605s9999||||xx |||||||||||||| ||und|| | ||
| 017 | _a2014/1/306 | ||
| 020 | _a978-9957-80-169-4 | ||
| 040 |
_aJO-AjNU _bara _erda _cJO-AjNU |
||
| 041 | _aara | ||
| 050 | 1 | 4 | _aHG3368.A6.M3322.2015 |
| 100 | 3 |
_aارشيد، محمود عبد الكريم, _eauthor _962297 |
|
| 245 | 0 | 0 | _aالمدخل الشامل الى معاملات وعمليات المصارف الاسلامية |
| 250 | _aط1 | ||
| 264 | 3 | 1 | _aعمان: دار النفائس للنشر والتوزيع، 2015 |
| 300 | _a382ص | ||
| 336 |
_atext _btxt _2rdacontent |
||
| 337 |
_aunmediated _bn _2rdamedia |
||
| 338 |
_avolume _bnc _2rdacarrier |
||
| 650 | 4 |
_aالمصارف الاسلامية-المعاملات _962298 |
|
| 999 |
_aA28203 _c31771 _d31771 |
||